[Event "2022 Standard Chess Dropout Tournament, Round 1"]
[Site "SchemingMind.com"]
[Date "2021.12.27"]
[Round "1"]
[White "Holty"]
[Black "Diadoco"]
[Result "0-1"]
[WhiteCountry "ENG"]
[BlackCountry "MEX"]
[WhiteElo "1735"]
[WhiteRD "64"]
[BlackElo "1913"]
[BlackRD "98"]
[GameID "718816"]

1. d4 d5 2. Nf3 Nf6 3. e3 c5 4. Nbd2 Nc6 5. b3 Bg4 6. Be2 cxd4 7. exd4 e6 8. Bb2 Bd6 9. a3 O-O 10. O-O Qc7
11. Re1 Rac8 12. Rc1 Bf5 13. Bd3 Bxd3 14. cxd3 Qe7 15. b4 b5 16. Ne5 Nb8 17. Nb3 Nbd7 18. Nc6 Qe8 19. Nxa7 Rxc1 20. Qxc1 Bxh2+
21. Kxh2 Qb8+ 22. Kg1 Qxa7 23. Nc5 Nb6 24. Qc2 Rc8 25. Qd1 Qc7 26. Na6 Qf4 27. Nc5 Ng4 28. Qf3 Qd2 29. Qe2 Qxe2 30. Rxe2 g6
31. f3 Nf6 32. Kf2 h5 33. Re1 Kg7 34. Bc1 Ra8 35. Bb2 g5 36. Re5 Kg6 37. Bc1 Nh7 38. g3 Nc8 39. Kg2 Ne7 40. Kf2 Nc6
41. Re1 Nxd4 42. Bb2 Nc6 43. d4 Nf6 44. Rc1 Rc8 45. Nb7 Na7 46. Nc5= Ne8 47. Re1 Nd6 48. Bc1 Nc6 49. Rd1 Nc4 50. Nb3 Ra8
51. Na5 N6xa5 52. bxa5 Rxa5 53. Rd3 b4 54. axb4 Ra2+ 55. Ke1 Ra1 56. Rc3 Rb1 57. f4 gxf4 58. gxf4 h4 59. Kf2 Rxb4 60. Kg2 Rb1
61. Kh3 Kh5 62. Rc2 Rb3+ 63. Kh2 Rd3 64. Rg2 Rg3 65. Rxg3 hxg3+ 66. Kxg3 Kg6 67. Kg4 Kf6 68. Kf3 Kf5 69. Be3 Nxe3 70. Kxe3 Kg4
0-1

[Event "2022 Standard Chess Dropout Tournament, Round 1"]
[Site "SchemingMind.com"]
[Date "2021.12.29"]
[Round "1"]
[White "eliecercruzr"]
[Black "Gaëtan Emond"]
[Result "1-0"]
[WhiteCountry "CUB"]
[BlackCountry "CAN"]
[WhiteElo "2280"]
[WhiteRD "73"]
[BlackElo "1723"]
[BlackRD "71"]
[GameID "718817"]

1. e4 c5 2. Nf3 Nc6 3. d4 cxd4 4. Nxd4 e6 5. Nc3 d6 6. Be3 Nf6 7. f4 Qa5 8. Nb3 Qc7 9. Qf3 Be7 10. O-O-O a6
11. g4 Bd7 12. g5 Ng8 13. h4 O-O-O 14. Na4 Nb4 15. Nb6+ Kb8 16. Qf2 Ba4 17. Nxa4 Rc8 18. Ba7+ Ka8 19. Nb6+ Kxa7 20. Nd5+ Kb8
21. Nxc7 Rxc7 22. Qd4
1-0

[Event "2022 Standard Chess Dropout Tournament, Round 1"]
[Site "SchemingMind.com"]
[Date "2021.12.28"]
[Round "1"]
[White "Jari Laine"]
[Black "The Chess Machine"]
[Result "0-1"]
[WhiteCountry "FIN"]
[BlackCountry "ENG"]
[WhiteElo "2482"]
[WhiteRD "80"]
[BlackElo "2543"]
[BlackRD "77"]
[GameID "718818"]

1. d4 d5 2. c4 e6 3. Nf3 a6 4. g3 dxc4 5. Bg2 b5 6. Ne5 c6 7. O-O Bb7 8. b3 cxb3 9. Qxb3 Nf6 10. Rd1 Be7
11. Nc3 O-O 12. Ne4 Nxe4 13. Bxe4 Qc8 14. Qc2 c5 15. dxc5 Bxe4 16. Bf4 Bxc2
0-1

[Event "2022 Standard Chess Dropout Tournament, Round 1"]
[Site "SchemingMind.com"]
[Date "2021.12.27"]
[Round "1"]
[White "Joe P"]
[Black "superlychee"]
[Result "0-1"]
[WhiteCountry "AUS"]
[BlackCountry "GER"]
[WhiteElo "1865"]
[WhiteRD "84"]
[BlackElo "1871"]
[BlackRD "115"]
[GameID "718819"]

1. e4 e5 2. Nf3 Nc6 3. d4 exd4 4. Nxd4 Nf6 5. Nxc6 bxc6 6. e5 Qe7 7. Qe2 Nd5 8. g3 g6 9. Nd2 Bg7 10. f4 O-O
11. Nb3 a5 12. a3 a4 13. Nd4 c5 14. Nf3 f6 15. Qe4 Nb6 16. Bc4+ Kh8 17. O-O d5 18. Bxd5 f5 19. Qd3 Rd8 20. Bxa8 Rxd3
21. cxd3 Nxa8 22. Be3 Nb6 23. Rac1 Bb7 24. Bxc5 Qd7 25. d4 Qe6 26. Rf2 Qb3 27. Rc3 Qd1+ 28. Kg2 Nd5 29. e6 Nxc3 30. e7 Bxf3+
31. Rxf3 Qe2+ 32. Rf2 Qe4+ 33. Kh3 Nd5
0-1

[Event "2022 Standard Chess Dropout Tournament, Round 1"]
[Site "SchemingMind.com"]
[Date "2022.01.01"]
[Round "1"]
[White "Jon Coles"]
[Black "Rommel85"]
[Result "1/2-1/2"]
[WhiteCountry "WLS"]
[BlackCountry "CUB"]
[WhiteElo "2344"]
[WhiteRD "111"]
[BlackElo "2416"]
[BlackRD "85"]
[GameID "718820"]

1. d4 d5 2. Nf3 Nf6 3. g3 c6 4. Bg2 Bf5 5. c4 e6 6. Nc3 h6 7. Qb3 Qb6 8. c5 Qxb3 9. axb3 Be7 10. h3 Nbd7
11. b4 a6 12. g4 Be4 13. Bf4 g5 14. Bg3 h5 15. b5 cxb5 16. Nxb5 Rc8 17. Na7 Ra8 18. Nb5 Rc8 19. Na7 Ra8 20. Nb5 Rd8
21. Nc7+ Kf8 22. Ra3 e5 23. dxe5 Ne8 24. e6 hxg4 25. exd7 Nxc7 26. Bxc7 Rxd7 27. Be5 gxf3 28. exf3 f6 29. Bxf6 Bxf6 30. fxe4 dxe4
31. Ke2 Bxb2 32. Ra4 Rd4 33. Rxd4 Bxd4 34. Rc1 Rh4=
1/2-1/2

[Event "2022 Standard Chess Dropout Tournament, Round 1"]
[Site "SchemingMind.com"]
[Date "2022.01.01"]
[Round "1"]
[White "Michael Christensen"]
[Black "Helga1946"]
[Result "0-1"]
[WhiteCountry "GER"]
[BlackCountry "GER"]
[WhiteElo "1738"]
[WhiteRD "86"]
[BlackElo "2289"]
[BlackRD "75"]
[GameID "718821"]

1. e4 e5 2. f4 exf4 3. Nf3 g5 4. h4 g4 5. Ne5 Nf6 6. Bc4 d5 7. exd5 Bg7 8. d4 Nh5 9. O-O O-O 10. Nxg4 Qxh4
11. Nh2 Bf5 12. c3 Nd7 13. Nd2 Ng3 14. Ndf3 Qh6 15. Re1 Rfe8 16. Bd2 Nb6 17. Qb3 Be4 18. d6 Nxc4 19. Qxc4 cxd6 20. d5 f5
21. Rad1 Bxf3 22. Nxf3 Re4 23. Qd3 Bf6 24. Bc1 Bd8 25. Kf2 Bb6+ 26. Nd4 Rae8 27. Bd2 Bxd4+ 28. cxd4 Qh5 29. Kg1 Re2
0-1

[Event "2022 Standard Chess Dropout Tournament, Round 1"]
[Site "SchemingMind.com"]
[Date "2021.12.31"]
[Round "1"]
[White "Keith McLaughlin"]
[Black "Gilligan"]
[Result "1-0"]
[WhiteCountry "ENG"]
[BlackCountry "USA"]
[WhiteElo "2300"]
[WhiteRD "157"]
[BlackElo "1688"]
[BlackRD "65"]
[GameID "718822"]

1. e4 e5 2. Nc3 Nf6 3. Nf3 Bb4 4. Nxe5 Bxc3 5. dxc3 Qe7 6. Nf3 O-O 7. Bd3 d6 8. O-O Bg4 9. h3 Bxf3 10. Qxf3 h6
11. e5 dxe5 12. Qxb7 Nbd7 13. Qxc7 Rfc8 14. Qa5 Rc5 15. Qa3 Nd5 16. c4 N5b6 17. Be3 Rac8 18. Bxc5 Nxc5 19. Rae1 Qc7 20. b4 Ne6
21. c5 Nd7 22. Qa6 Nf4 23. Bf5 Re8 24. Qd6 Qxd6 25. cxd6 Nb6 26. d7 Rd8 27. Rxe5 Nxd7 28. Rd1 g6 29. Rxd7 Rxd7 30. Bxd7 Kg7
31. g3
1-0

[Event "2022 Standard Chess Dropout Tournament, Round 1"]
[Site "SchemingMind.com"]
[Date "2021.12.28"]
[Round "1"]
[White "kenneth m day"]
[Black "Mike Winslow"]
[Result "0-1"]
[WhiteCountry "USA"]
[BlackCountry "USA"]
[WhiteElo "1650"]
[WhiteRD "56"]
[BlackElo "1906"]
[BlackRD "95"]
[GameID "718823"]

1. e4 c6 2. c4 d5 3. cxd5 cxd5 4. exd5 Nf6 5. Nc3 g6 6. d4 a6 7. Nf3 Bg7 8. Bc4 O-O 9. O-O b5 10. Bb3 Bb7
11. Re1 b4 12. Na4 Bxd5 13. Nc5 e6 14. Bg5 Nc6 15. Bxd5 Qxd5 16. Rc1 Rfc8 17. b3 a5 18. Qd2 Ng4 19. h3 Nxd4 20. Nxd4 Rxc5
21. Rxc5 Qxc5 22. Re4 Nf6 23. Rf4 Qxg5 24. Nf3 Qd5 25. Rd4 Qf5 26. Rf4 Qb1+ 27. Kh2 Nd5 28. Rc4 Nc3 29. Rc7 Qxa2 30. Qd7 Rf8
31. Ng5 Be5+ 32. g3 Qxf2+
0-1

[Event "2022 Standard Chess Dropout Tournament, Round 1"]
[Site "SchemingMind.com"]
[Date "2021.12.27"]
[Round "1"]
[White "Arthur Wilding"]
[Black "wight knight"]
[Result "0-1"]
[WhiteCountry "WLS"]
[BlackCountry "ENG"]
[WhiteElo "1140"]
[WhiteRD "84"]
[BlackElo "1288"]
[BlackRD "64"]
[GameID "718825"]

1. d4 e6 2. e3 f5 3. Nf3 Qf6 4. Nbd2 Bb4 5. c3 Bd6 6. a4 a5 7. Bd3 g5 8. Nc4 g4 9. Nfd2 b6 10. Nxd6+ cxd6
11. O-O Ba6 12. Bxa6 Nxa6 13. Nc4 d5 14. Na3 h5 15. Nb5 h4 16. b4 h3 17. g3 O-O-O 18. bxa5 bxa5 19. Ba3 Nc7 20. Nxc7 Kxc7
21. Qd3 Ne7 22. Bxe7 Qxe7 23. Rfb1 e5 24. dxe5 Qxe5 25. Rb5 Qe4 26. Qxe4 dxe4 27. Rxa5 Rhf8 28. Rb1 Rb8 29. Rc1 Rf6 30. Kf1 Rfb6
31. Ra7+ R6b7 32. Rxb7+ Rxb7 33. Ke2 Rb2+ 34. Kf1 Ra2 35. Ke1 Rxa4 36. Kd2 Ra2+ 37. Kd1 Rxf2 38. c4 Rxh2 39. Ra1 Rh1+ 40. Kd2 Rxa1
41. Ke2 h2
0-1

[Event "2022 Standard Chess Dropout Tournament, Round 1"]
[Site "SchemingMind.com"]
[Date "2021.12.28"]
[Round "1"]
[White "Thomas Jacob Kelly"]
[Black "edg"]
[Result "0-1"]
[WhiteCountry "USA"]
[BlackCountry "USA"]
[WhiteElo "1726"]
[WhiteRD "75"]
[BlackElo "1729"]
[BlackRD "71"]
[GameID "718826"]

1. e4 c6 2. d4 d5 3. e5 Bf5 4. Be3 e6 5. Nd2 Bb4 6. c3 Ba5 7. Ngf3 h6 8. Qa4 b5 9. Qa3 Ne7 10. Be2 Bb6
11. O-O O-O 12. Kh1 Bh7 13. Ne1 Nf5 14. b4 Nxe3 15. fxe3 f6 16. exf6 Rxf6 17. Ndf3 a6 18. Qb2 Qf8 19. Nd3 Bxd3 20. Bxd3 Nd7
21. Qf2 g5 22. Qg3 Rc8 23. h4 Bd8 24. hxg5 hxg5 25. Qxg5+ Qg7 26. g4 Rh6+ 27. Kg2 Bxg5
0-1

[Event "2022 Standard Chess Dropout Tournament, Round 1"]
[Site "SchemingMind.com"]
[Date "2021.12.29"]
[Round "1"]
[White "krzysztof"]
[Black "Edward Bishop"]
[Result "0-1"]
[WhiteCountry "POL"]
[BlackCountry "ENG"]
[WhiteElo "1441"]
[WhiteRD "81"]
[BlackElo "1573"]
[BlackRD "106"]
[GameID "718827"]

1. c4 Nf6 2. Nc3 e6 3. a3 Nc6 4. b4 a6 5. Qa4 g6 6. e3 Bg7 7. b5 Ne7 8. c5 O-O 9. Bc4 d5 10. d4 Bd7
11. Be2 Ne4 12. Qc2 Nxc3 13. Qxc3 Nf5 14. Bd3 axb5 15. Ne2 Re8 16. e4 dxe4 17. Bxe4 Ra4 18. Be3 Bc6 19. Bxc6 bxc6 20. O-O e5
21. Rfd1 exd4 22. Nxd4 Nxd4 23. Bxd4 Bxd4 24. Rxd4 Qxd4 25. Qxd4 Rxd4 26. h3 Rc4 27. Rd1 Rxc5 28. Rd7 Rc8 29. Rd4 Ra8 30. Rd3 Rc1+
31. Kh2 Ra1 32. Rc3 Ra6 33. Re3 Ra7 34. Rc3 Ra6 35. Rb3 R1xa3 36. Rxa3 Rxa3 37. g3 b4 38. Kg2 b3 39. Kf1 b2 40. Ke2 b1=Q
41. Kd2 Qb4+ 42. Kc1 Ra2 43. Kd1 Qb1#
0-1

[Event "2022 Standard Chess Dropout Tournament, Round 1"]
[Site "SchemingMind.com"]
[Date "2021.12.28"]
[Round "1"]
[White "Johnny Owens"]
[Black "George Dimitrov"]
[Result "1/2-1/2"]
[WhiteCountry "USA"]
[BlackCountry "BUL"]
[WhiteElo "2178"]
[WhiteRD "83"]
[BlackElo "2466"]
[BlackRD "118"]
[GameID "718828"]

1. Nf3 d5 2. b3 c5 3. e3 Nf6 4. Bb2 e6 5. g3 Be7 6. Bg2 O-O 7. Qe2 Nc6 8. O-O b6 9. Rd1 Bb7 10. c4 dxc4
11. bxc4 Qc7 12. d3 Rad8 13. Nc3 h6 14. Rd2 Na5 15. Rb1 Nh7 16. Nb5 Qb8 17. Bc3 Nc6 18. Ne5 Nxe5 19. Bxe5 Qa8 20. f4 Rd7
21. e4 Rfd8 22. h4 a6 23. Nc7 Qc8 24. Rxb6 Bf6 25. Nd5 exd5 26. exd5 Re7 27. d6 Red7 28. Bh3 Bxe5 29. fxe5 Nf8 30. Qe1 Ne6
31. Rdb2 Qa8 32. Qa5 Bh1 33. Kh2 Bf3 34. Rxa6 Rb7 35. Rbb6 Qc8=
1/2-1/2

[Event "2022 Standard Chess Dropout Tournament, Round 1"]
[Site "SchemingMind.com"]
[Date "2021.12.27"]
[Round "1"]
[White "lawyertheologian"]
[Black "Johnny Owens"]
[Result "0-1"]
[WhiteCountry "USA"]
[BlackCountry "USA"]
[WhiteElo "2024"]
[WhiteRD "86"]
[BlackElo "2148"]
[BlackRD "80"]
[GameID "718829"]

1. e4 e6 2. Qe2 Be7 3. b3 d5 4. exd5 exd5 5. Bb2 Nf6 6. Bxf6 gxf6 7. Nc3 Nc6 8. Nf3 d4 9. Ne4 O-O 10. g4 Bxg4
11. Rg1 f5 12. Ng3 Kh8 13. Bg2 f4 14. O-O-O fxg3 15. fxg3 Qd6 16. Kb1 a5 17. c3 Bf5+ 18. Ka1 a4 19. b4 Bf6 20. Rc1 dxc3
21. dxc3 Qxb4 22. Qb2 Qc5 23. Nh4 a3
0-1

[Event "2022 Standard Chess Dropout Tournament, Round 1"]
[Site "SchemingMind.com"]
[Date "2021.12.27"]
[Round "1"]
[White "Rubén Pulido "]
[Black "Arthur Wilding"]
[Result "1-0"]
[WhiteCountry "CUB"]
[BlackCountry "WLS"]
[WhiteElo "2469"]
[WhiteRD "89"]
[BlackElo "1140"]
[BlackRD "84"]
[GameID "718830"]

1. e4 e5 2. Nf3 d6 3. d4 exd4 4. Nxd4 Ne7 5. Be3 Bd7 6. Nc3 Nbc6 7. f4 Nxd4 8. Qxd4 b6 9. O-O-O Nc6 10. Qd2 Be7
11. g4 Bf6 12. Nd5 Bxg4 13. Bb5 Qd7 14. Nxf6+ gxf6 15. Qc3 O-O-O 16. Bxc6 Qe7 17. Qd3
1-0

[Event "2022 Standard Chess Dropout Tournament, Round 1"]
[Site "SchemingMind.com"]
[Date "2021.12.28"]
[Round "1"]
[White "William Lindberg"]
[Black "Carlos Vila Hernández"]
[Result "1/2-1/2"]
[WhiteCountry "USA"]
[BlackCountry "CUB"]
[WhiteElo "2469"]
[WhiteRD "66"]
[BlackElo "2516"]
[BlackRD "80"]
[GameID "718831"]

1. c4 Nf6 2. d4 e6 3. Nf3 d5 4. Nc3 c6 5. Bg5 h6 6. Bxf6 Qxf6 7. e3 Nd7 8. Bd3 dxc4 9. Bxc4 g6 10. O-O Bg7
11. e4 e5 12. d5 Nb6 13. Nd2 O-O 14. Bb3 h5 15. h3 Bh6 16. Qf3 Kg7 17. Rad1 Rd8 18. Qe2 a5 19. a3 Bd7 20. Nf3 Rac8
21. Rfe1 h4 22. dxc6 Bxc6 23. Nd5 Bxd5 24. Bxd5 Nxd5 25. Rxd5 Rxd5 26. exd5 Bf4 27. Rd1 Rc5 28. a4 Qd6 29. Qd3 Qd7 30. Qe4 f5
31. Nxe5 fxe4 32. Nxd7 Rc7 33. Nb6 Rc2 34. d6 e3 35. d7 Bg5 36. Nd5 e2 37. Re1 Rxb2 38. Nf4 Kf7 39. Nxe2 Ke6 40. Nf4+ Kxd7
41. Nd3 Ra2 42. Kf1 Bf6 43. Re4 Kd6 44. Rf4 Bc3 45. Rc4 Ra1+ 46. Ke2 Bf6 47. Rf4 Be7 48. Rd4+ Kc6 49. Re4 Ra2+ 50. Ke3 Kd6=
1/2-1/2

[Event "2022 Standard Chess Dropout Tournament, Round 1"]
[Site "SchemingMind.com"]
[Date "2022.01.01"]
[Round "1"]
[White "Clive Everill"]
[Black "pmdpsp"]
[Result "0-1"]
[WhiteCountry "CZE"]
[BlackCountry "GER"]
[WhiteElo "1640"]
[WhiteRD "58"]
[BlackElo "1749"]
[BlackRD "93"]
[GameID "718832"]

1. e4 e5 2. Nc3 Nf6 3. Bc4 b5 4. Bxb5 Bc5 5. h3 c6 6. Be2 Qb6 7. Na4 Bxf2+ 8. Kf1 Qd4 9. c3 Qxe4 10. Bf3 Qd3+
11. Be2 Qf5 12. Nf3 Bg3 13. d3 d5 14. Nc5 O-O 15. Bg5 e4 16. dxe4 dxe4 17. Bxf6 exf3 18. Bxf3 Qxf6 19. Ne4 Qf4 20. Nxg3 Qxg3
21. Qd4 Be6 22. Rd1 Qc7 23. Qa4 Qb6 24. b4 Bc4+ 25. Be2 Bxe2+ 26. Kxe2 Na6 27. Rd4 c5 28. bxc5 Rfe8+ 29. Kd3 Nxc5+
0-1

[Event "2022 Standard Chess Dropout Tournament, Round 1"]
[Site "SchemingMind.com"]
[Date "2021.12.28"]
[Round "1"]
[White "maro"]
[Black "Billy Campbell"]
[Result "0-1"]
[WhiteCountry "MEX"]
[BlackCountry "NIR"]
[WhiteElo "1396"]
[WhiteRD "60"]
[BlackElo "1396"]
[BlackRD "94"]
[GameID "718833"]

1. d4 Nf6 2. c4 e6 3. Nc3 Bb4 4. Bd2 O-O 5. a3 Bxc3 6. Bxc3 Ne4 7. e3 c5 8. dxc5 Nxc3 9. bxc3 Nc6 10. g3 Qa5
11. Ne2 Qxc5 12. Bg2 Qxc4 13. O-O Rb8 14. Bf3 b6 15. Qc2 Ne5 16. Bg2 d5 17. Rab1 Bb7 18. Rb4 Qc5 19. Nc1 Nc4 20. Nd3 Qc7
21. Re1 Nxa3 22. Qb2 a5 23. Rh4 Nc4 24. Qe2 Ne5 25. Qh5 h6 26. Nxe5 Qe7 27. e4 dxe4 28. Bxe4 Qg5 29. Qxg5 hxg5 30. Bh7+ Kh8
31. Rh5 Rbc8 32. Be4+ Kg8 33. Bxb7 Rxc3 34. Rxg5 Rc7 35. Be4 f6 36. Bh7+ Kxh7 37. Rh5+ Kg8 38. Ng6 Rfc8 39. Kg2 e5 40. Kh3 a4
41. f4 a3 42. fxe5 fxe5 43. Rexe5 a2 44. Ne7+ Rxe7
0-1

[Event "2022 Standard Chess Dropout Tournament, Round 1"]
[Site "SchemingMind.com"]
[Date "2021.12.27"]
[Round "1"]
[White "Juan Jose Rivas Maceda"]
[Black "Dom P"]
[Result "1-0"]
[WhiteCountry "PER"]
[BlackCountry "ENG"]
[WhiteElo "2563"]
[WhiteRD "98"]
[BlackElo "1570"]
[BlackRD "81"]
[GameID "718834"]

1. e4 d6 2. d4 Nd7 3. Nf3 c5 4. d5 Ne5 5. Nxe5 dxe5 6. Qh5 Qa5+ 7. Nc3 Qc7 8. Nb5 Nf6 9. Nxc7+ Kd8 10. Qxe5 g6
11. Nxa8 Bg7 12. Qc7+
1-0

[Event "2022 Standard Chess Dropout Tournament, Round 1"]
[Site "SchemingMind.com"]
[Date "2022.01.01"]
[Round "1"]
[White "Matthew Bailey"]
[Black "peeuukoo"]
[Result "1-0"]
[WhiteCountry "ENG"]
[BlackCountry "FIN"]
[WhiteElo "2605"]
[WhiteRD "80"]
[BlackElo "1835"]
[BlackRD "102"]
[GameID "718835"]

1. d4 d5 2. c4 c6 3. Nf3 Nf6 4. Nc3 e6 5. e3 Bb4 6. Bd3 dxc4 7. Bxc4 O-O 8. a3 Bxc3+ 9. bxc3 Nbd7 10. O-O Nb6
11. Bd3 Re8 12. e4 h6 13. e5 Nfd7 14. Re1 f5 15. exf6 Qxf6 16. Ne5 Nf8 17. Re3 Nbd7 18. Ng4 Qe7 19. Nxh6+
1-0

[Event "2022 Standard Chess Dropout Tournament, Round 1"]
[Site "SchemingMind.com"]
[Date "2021.12.27"]
[Round "1"]
[White "MichaelChess"]
[Black "spoke"]
[Result "1-0"]
[WhiteCountry "CUB"]
[BlackCountry "GER"]
[WhiteElo "2500"]
[WhiteRD "79"]
[BlackElo "1766"]
[BlackRD "70"]
[GameID "718836"]

1. e4 e5 2. Nf3 Nc6 3. Bc4 Nf6 4. Ng5 d5 5. exd5 Na5 6. Bb5+ c6 7. dxc6 bxc6 8. Bd3 Nd5 9. Nf3 Bd6 10. O-O O-O
11. Re1 Bg4 12. h3 Bxf3 13. Qxf3 Qf6 14. Qxf6 Nxf6 15. Nc3 Nb7 16. Ne4 Nxe4 17. Bxe4 Rac8 18. a3 Nc5 19. Bf5 Rc7 20. b4 Nd7
21. c4 c5 22. b5 Nb6 23. Bd3 Rd8 24. a4
1-0

[Event "2022 Standard Chess Dropout Tournament, Round 1"]
[Site "SchemingMind.com"]
[Date "2022.01.01"]
[Round "1"]
[White "Milan"]
[Black "private napoleon"]
[Result "1/2-1/2"]
[WhiteCountry "CZE"]
[BlackCountry "ENG"]
[WhiteElo "2045"]
[WhiteRD "127"]
[BlackElo "1719"]
[BlackRD "77"]
[GameID "718837"]

1. d4 d5 2. c4 e6 3. Nc3 Nf6 4. cxd5 exd5 5. Bg5 Bb4 6. e3 O-O 7. Bd3 Nbd7 8. Ne2 c6 9. O-O Qc7 10. Rc1 Qd6
11. Bf4 Qe6 12. Bg3 g6 13. a3 Bxc3 14. bxc3 Re8 15. c4 Nh5 16. Nf4 Nxf4 17. Bxf4 Qf6 18. cxd5 cxd5 19. Bb5 a6 20. Be2 b5
21. Bf3 Nb6 22. Be5 Qe6 23. Be2 Nc4 24. Bxc4 bxc4 25. Rc3 Ra7 26. Qc2 Qf5 27. Qxf5 Bxf5 28. h3 Rb7 29. Rfc1 Ree7 30. Bf6 Red7
31. Be5 a5 32. Kf1 a4 33. g4 Bd3+ 34. Kg1 Rb3 35. Kg2 Rdb7 36. Bd6 Rxc3 37. Rxc3 Rb3 38. Bb4 Rxc3=
1/2-1/2

[Event "2022 Standard Chess Dropout Tournament, Round 1"]
[Site "SchemingMind.com"]
[Date "2021.12.28"]
[Round "1"]
[White "Ninaner2"]
[Black "Thomas Jacob Kelly"]
[Result "1-0"]
[WhiteCountry "NED"]
[BlackCountry "USA"]
[WhiteElo "2030"]
[WhiteRD "126"]
[BlackElo "1726"]
[BlackRD "75"]
[GameID "718838"]

1. d4 e6 2. e4 d5 3. Nc3 Bb4 4. e5 c5 5. a3 Bxc3+ 6. bxc3 Ne7 7. Qg4 Qc7 8. Qxg7 Rg8 9. Qxh7 cxd4 10. Ne2 dxc3
11. Qd3 Qxe5 12. Qxc3 Nbc6 13. Qxe5 Nxe5 14. Nf4 Bd7 15. Nh5 O-O-O 16. h4 d4 17. Bg5 N5g6 18. Ng3 Ba4 19. h5 Rd5 20. Bf6 Nc6
21. hxg6 Rxg6 22. c4 Rd7 23. Rh8+ Kc7 24. Nh5 e5 25. Bd3 Rxg2 26. Kf1 Rh2 27. Kg1 Rh3 28. Bf5 Rxh5 29. Rxh5 Rd6 30. Bg5 b6
31. Rh7
1-0

[Event "2022 Standard Chess Dropout Tournament, Round 1"]
[Site "SchemingMind.com"]
[Date "2022.01.01"]
[Round "1"]
[White "NYNH"]
[Black "Shanks"]
[Result "1-0"]
[WhiteCountry "USA"]
[BlackCountry "ENG"]
[WhiteElo "1858"]
[WhiteRD "108"]
[BlackElo "1214"]
[BlackRD "69"]
[GameID "718839"]

1. d4 d5 2. c4 c6 3. Nf3 e6 4. Nc3 h6 5. e4 dxe4 6. Nxe4 f5 7. Nc3 a6 8. Ne5 Ne7 9. Qh5+ g6 10. Nxg6 Nxg6
11. Qxg6+ Kd7 12. d5 cxd5 13. cxd5 Kd6 14. Bf4+
1-0

[Event "2022 Standard Chess Dropout Tournament, Round 1"]
[Site "SchemingMind.com"]
[Date "2022.01.01"]
[Round "1"]
[White "peeuukoo"]
[Black "2curious"]
[Result "0-1"]
[WhiteCountry "FIN"]
[BlackCountry "USA"]
[WhiteElo "1793"]
[WhiteRD "97"]
[BlackElo "1905"]
[BlackRD "146"]
[GameID "718841"]

1. d4 d5 2. c4 e5 3. dxe5 d4 4. Nf3 Nc6 5. a3 Nge7 6. Bf4 Bf5 7. Nbd2 Ng6 8. Bg3 Qd7 9. b4 O-O-O 10. b5 Na5
11. Qa4 b6 12. Nh4 Nxh4 13. Bxh4 Be7 14. Bg3 Qe6 15. Rc1 Kb8 16. Bf4 g5 17. Bg3 Bc5 18. Nb3 Nxb3 19. Qxb3 f6 20. f4 gxf4
21. Bxf4 fxe5 22. Bg3 e4 23. e3 d3 24. Kd2 Bg4 25. Qc3 Rhf8
0-1

[Event "2022 Standard Chess Dropout Tournament, Round 1"]
[Site "SchemingMind.com"]
[Date "2021.12.27"]
[Round "1"]
[White "PION4290"]
[Black "kenneth m day"]
[Result "1-0"]
[WhiteCountry "CAN"]
[BlackCountry "USA"]
[WhiteElo "1781"]
[WhiteRD "86"]
[BlackElo "1625"]
[BlackRD "54"]
[GameID "718843"]

1. d4 Nf6 2. Bf4 d6 3. Nd2 g6 4. e3 Bg7 5. Bd3 O-O 6. c3 Nc6 7. Ngf3 Bg4 8. h3 Bd7 9. g4 Nd5 10. Bg5 h6
11. Bh4 g5 12. Bg3 e6 13. h4 f6 14. Qc2 Nce7 15. hxg5 fxg5 16. O-O-O a6 17. Nxg5 hxg5 18. Ne4 Ng6 19. Rh5 e5 20. Rxg5 Be8
21. Qb3 Bf7 22. Rxg6 Bxg6 23. Qxd5+ Bf7 24. Qxb7 Bxa2 25. dxe5 Qb8 26. Qxb8 Rfxb8 27. f4 Re8 28. exd6 cxd6 29. Kd2 Rab8 30. b4 d5
31. Nc5 a5 32. Ra1 Bc4 33. Rxa5 Rbc8 34. Bg6 Re7 35. Bh4 Rec7 36. Bf5 Rb8 37. Ne6 Rcb7 38. Nc5 Rc7 39. Ne6 Rf7 40. Nxg7 Kxg7
41. Be6 Rff8 42. Bxd5 Bxd5 43. Rxd5 Ra8 44. Kd3 Rac8 45. Rd7+ Kg8 46. b5 Ra8 47. b6 Rab8 48. b7 Kh8 49. Be7 Rfe8 50. Bf6+ Kg8
51. g5 Kf8 52. g6 Kg8 53. Rg7+ Kf8 54. Rh7 Kg8 55. Rh8#
1-0

[Event "2022 Standard Chess Dropout Tournament, Round 1"]
[Site "SchemingMind.com"]
[Date "2021.12.28"]
[Round "1"]
[White "pjl1015"]
[Black "Robert Bruce"]
[Result "1/2-1/2"]
[WhiteCountry "USA"]
[BlackCountry "SCO"]
[WhiteElo "2396"]
[WhiteRD "113"]
[BlackElo "2357"]
[BlackRD "68"]
[GameID "718844"]

1. e4 c6 2. Nf3 d5 3. exd5 cxd5 4. d4 Nf6 5. Bd3 Nc6 6. h3 Nb4 7. Bb5+ Bd7 8. a4 a6 9. Bxd7+ Qxd7 10. c3 Nc6
11. Bf4 Qe6+ 12. Be3 Qc8 13. Nbd2 Qc7 14. O-O h6 15. Ne5 e6 16. Nd3 Bd6 17. Qf3 a5 18. Nb1 Qe7 19. Na3 Na7 20. Rfe1 O-O
21. Bf4 Bxf4 22. Qxf4 Rfb8 23. Ne5 Qc7 24. Rec1 Rf8 25. Ng6 Qxf4 26. Nxf4 h5=
1/2-1/2

[Event "2022 Standard Chess Dropout Tournament, Round 1"]
[Site "SchemingMind.com"]
[Date "2021.12.29"]
[Round "1"]
[White "mmccaffe"]
[Black "FransEvers"]
[Result "0-1"]
[WhiteCountry "USA"]
[BlackCountry "NED"]
[WhiteElo "1596"]
[WhiteRD "82"]
[BlackElo "2122"]
[BlackRD "104"]
[GameID "718845"]

1. d4 d6 2. c4 Nf6 3. Nc3 e5 4. d5 Be7 5. e4 O-O 6. f3 Nbd7 7. Be3 c6 8. Bd3 a6 9. Nge2 c5 10. Qd2 Qc7
11. O-O-O b5 12. b3 b4 13. Nb1 a5 14. g4 a4 15. g5 Nh5 16. h4 axb3 17. f4 bxa2
0-1

[Event "2022 Standard Chess Dropout Tournament, Round 1"]
[Site "SchemingMind.com"]
[Date "2021.12.28"]
[Round "1"]
[White "pmdpsp"]
[Black "agoodhobby"]
[Result "1-0"]
[WhiteCountry "GER"]
[BlackCountry "USA"]
[WhiteElo "1749"]
[WhiteRD "93"]
[BlackElo "1510"]
[BlackRD "63"]
[GameID "718846"]

1. e4 e6 2. d4 d5 3. Nc3 Bb4 4. e5 c5 5. a3 Bxc3+ 6. bxc3 Qc7 7. h4 Ne7 8. Nf3 b6 9. Bb5+ Nbc6 10. Bg5 Bb7
11. O-O a6 12. Be2 O-O 13. h5 h6 14. Bd2 c4 15. g4 f6 16. Qc1 f5 17. Bxh6 gxh6 18. Qxh6 Rf7 19. Ng5 Rg7 20. Nxe6 Rxg4+
21. Bxg4 Kf7 22. Qf6+ Ke8 23. Bxf5
1-0

[Event "2022 Standard Chess Dropout Tournament, Round 1"]
[Site "SchemingMind.com"]
[Date "2021.12.27"]
[Round "1"]
[White "private napoleon"]
[Black "pnwmusichound"]
[Result "0-1"]
[WhiteCountry "ENG"]
[BlackCountry "USA"]
[WhiteElo "1692"]
[WhiteRD "84"]
[BlackElo "1799"]
[BlackRD "90"]
[GameID "718848"]

1. e4 e5 2. Nc3 Nf6 3. f4 d5 4. fxe5 Nxe4 5. Nf3 Nc6 6. Bb5 Bc5 7. d4 Bb6 8. O-O O-O 9. Bxc6 bxc6 10. Be3 Rb8
11. Qd3 Bf5 12. Nxe4 dxe4 13. Qd2 exf3 14. gxf3 f6 15. Kh1 fxe5 16. c3 exd4 17. cxd4 Qd5 18. Qf2 Bh3 19. Kg1 Bxf1 20. Rxf1 Rf6
21. Kh1 Rbf8
0-1